Industrial floorspace survey ... - January 1989 - September 1990 (Record no. 95990)

MARC details
000 -LEADER
fixed length control field 00569cam a2200217 4500
001 - CONTROL NUMBER
control field J500
008 - FIXED-LENGTH DATA ELEMENTS--GENERAL INFORMATION
fixed length control field 090401t xxu||||| |||| 00| 0 eng d
035 ## - SYSTEM CONTROL NUMBER
System control number (Sirsi) u75333
041 ## - LANGUAGE CODE
Language code of text/sound track or separate title eng
050 ## - LIBRARY OF CONGRESS CALL NUMBER
Classification number 711.5520212
110 ## - MAIN ENTRY--CORPORATE NAME
Corporate name or jurisdiction name as entry element King and Co
9 (RLIN) 2315
245 ## - TITLE STATEMENT
Title Industrial floorspace survey ... - January 1989 - September 1990
260 ## - PUBLICATION, DISTRIBUTION, ETC.
Place of publication, distribution, etc. London
Name of publisher, distributor, etc. King and Co
Date of publication, distribution, etc. 1989-90
300 ## - PHYSICAL DESCRIPTION
Extent 6 pt. ; 30cm.
350 ## - PRICE (NR) (BK AM CF MU VM SE) [OBSOLETE]
Price 0
520 ## - SUMMARY, ETC.
Summary, etc. Published 3 times a year.
650 ## - SUBJECT ADDED ENTRY--TOPICAL TERM
Topical term or geographic name entry element FLOORSPACE STATISTICS
650 ## - SUBJECT ADDED ENTRY--TOPICAL TERM
Topical term or geographic name entry element INDUSTRIAL PROPERTY
942 ## - ADDED ENTRY ELEMENTS (KOHA)
Suppress in OPAC 0
948 ## - LOCAL PROCESSING INFORMATION (OCLC); SERIES PART DESIGNATOR (RLIN)
c (OCLC) 04/03/1997
Holdings
Withdrawn status Lost status Source of classification or shelving scheme Damaged status Not for loan Home library Current library Shelving location Date acquired Total Checkouts Full call number Barcode Date last seen Copy number Price effective from Koha item type
    Dewey Decimal Classification     London London Property market reports 13/02/1992   LIBRARY ANNEXE 30025796 06/08/2019 1 06/08/2019 Book
    Dewey Decimal Classification     London London Property market reports 13/02/1992   LIBRARY ANNEXE 30025797 06/08/2019 2 06/08/2019 Book
    Dewey Decimal Classification     London London Property market reports 13/02/1992   LIBRARY ANNEXE 30025798 06/08/2019 3 06/08/2019 Book
    Dewey Decimal Classification     London London Property market reports 13/02/1992   LIBRARY ANNEXE 30025799 06/08/2019 4 06/08/2019 Book
    Dewey Decimal Classification     London London Property market reports 13/02/1992   LIBRARY ANNEXE 30025800 06/08/2019 5 06/08/2019 Book
    Dewey Decimal Classification     London London Property market reports 13/02/1992   LIBRARY ANNEXE 30025801 06/08/2019 6 06/08/2019 Book